<?xml version="1.0" encoding="UTF-8"?><?xml-stylesheet type="text/xsl" href="static/style.xsl"?><OAI-PMH xmlns="http://www.openarchives.org/OAI/2.0/" xmlns:xsi="http://www.w3.org/2001/XMLSchema-instance" xsi:schemaLocation="http://www.openarchives.org/OAI/2.0/ http://www.openarchives.org/OAI/2.0/OAI-PMH.xsd"><responseDate>2026-04-14T03:43:54Z</responseDate><request verb="GetRecord" identifier="oai:www.recercat.cat:2117/430494" metadataPrefix="marc">https://recercat.cat/oai/request</request><GetRecord><record><header><identifier>oai:recercat.cat:2117/430494</identifier><datestamp>2025-07-22T15:40:50Z</datestamp><setSpec>com_2072_1033</setSpec><setSpec>col_2072_452951</setSpec></header><metadata><record xmlns="http://www.loc.gov/MARC21/slim" xmlns:dcterms="http://purl.org/dc/terms/" xmlns:xsi="http://www.w3.org/2001/XMLSchema-instance" xmlns:doc="http://www.lyncode.com/xoai" xsi:schemaLocation="http://www.loc.gov/MARC21/slim http://www.loc.gov/standards/marcxml/schema/MARC21slim.xsd">
   <leader>00925njm 22002777a 4500</leader>
   <datafield ind2=" " ind1=" " tag="042">
      <subfield code="a">dc</subfield>
   </datafield>
   <datafield ind2=" " ind1=" " tag="720">
      <subfield code="a">López Ramos, Gerard</subfield>
      <subfield code="e">author</subfield>
   </datafield>
   <datafield ind2=" " ind1=" " tag="260">
      <subfield code="c">2025-01-29</subfield>
   </datafield>
   <datafield ind2=" " ind1=" " tag="520">
      <subfield code="a">Este trabajo se basa en la estimación y el estudio de los efectos del consumo de los&#xd;
vehículos eléctricos enchufables (PEV) dentro de la provincia de Cataluña para el 2030.&#xd;
Para comenzar se detalla la infraestructura de puntos de carga que entregará la energía&#xd;
eléctrica, distinguiendo 6 tipos de instalaciones. Seguidamente se realiza el&#xd;
dimensionamiento de instalaciones fotovoltaicas con almacenamiento para abastecer el&#xd;
consumo con 3 días de autonomía. Estas instalaciones se tratan de una planta de&#xd;
generación conectada a la red eléctrica y de sistemas aislados de autoconsumo en cada&#xd;
punto de carga. Después se analizan los resultados obtenidos de simulaciones con 3 perfiles&#xd;
de consumo (horas del día en las que se concentra la conexión de los vehículos). De esta&#xd;
forma se establece que tipo de instalación se vería beneficiada de la reducción de&#xd;
almacenamiento según el estado de la batería a lo largo del tiempo. Además, se valoran los&#xd;
incentivos y ayudas que ofrecen las instituciones públicas para impulsar el incremento de&#xd;
PEV en el parque Español. Finalmente, se realiza un análisis económico tanto desde el&#xd;
punto de vista de la producción de la energía como de su comercialización en los 2 tipos de&#xd;
instalaciones. Como resultado se obtiene la cantidad contribución que debería realizar el&#xd;
estado, ya que la tecnología solar fotovoltaica con almacenamiento supone un gran coste.</subfield>
   </datafield>
   <datafield ind2=" " ind1=" " tag="520">
      <subfield code="a">Aquest treball es basa en l'estimació i l'estudi dels efectes del consum dels vehicles elèctrics&#xd;
endollables (PEV) dins de la província de Catalunya per al 2030. Per començar, es detalla la&#xd;
infraestructura de punts de càrrega que lliurarà l'energia elèctrica, distingint 6 tipus&#xd;
d'instal·lacions. Tot seguit es realitza el dimensionament d'instal·lacions fotovoltaiques amb&#xd;
emmagatzematge per abastir el consum amb 3 dies d'autonomia. Aquestes instal·lacions&#xd;
són una planta de generació connectada a la xarxa elèctrica i de sistemes aïllats&#xd;
d'autoconsum a cada punt de càrrega. Després s'analitzen els resultats obtinguts de&#xd;
simulacions amb 3 perfils de consum (hores del dia en què es concentra la connexió dels&#xd;
vehicles). D'aquesta manera s'estableix que el tipus d'instal·lació es veuria beneficiada de la&#xd;
reducció d'emmagatzematge segons l'estat de la bateria al llarg del temps. A més, es&#xd;
valoren els incentius i els ajuts que ofereixen les institucions públiques per impulsar&#xd;
l'increment de PEV al parc Espanyol. Finalment, es fa una anàlisi econòmica tant des del&#xd;
punt de vista de la producció de l'energia com de la comercialització en els 2 tipus&#xd;
d'instal·lacions. Com a resultat s'obté la quantitat de contribució que hauria de fer l'estat, ja&#xd;
que la tecnologia solar fotovoltaica amb emmagatzematge suposa un gran cost.</subfield>
   </datafield>
   <datafield ind2=" " ind1=" " tag="520">
      <subfield code="a">This work is based on the estimation and study of the effects of the consumption of plug-in&#xd;
electric vehicles (PEV) within the province of Catalonia for 2030. To begin with, the&#xd;
infrastructure of charging points that will deliver the electric energy is detailed, distinguishing&#xd;
6 types of installations. Then, the sizing of photovoltaic installations with storage to supply&#xd;
consumption with 3 days of autonomy is carried out. These installations are a generation&#xd;
plant connected to the electrical grid and isolated self-consumption systems at each charging&#xd;
point. Then, the results obtained from simulations with 3 consumption profiles (hours of the&#xd;
day in which the connection of the vehicles is concentrated) are analyzed. In this way, it is&#xd;
established what type of installation would benefit from the reduction of storage according to&#xd;
the state of the battery over time. In addition, the incentives and aid offered by public&#xd;
institutions to promote the increase of PEV in the Spanish fleet are assessed. Finally, an&#xd;
economic analysis is carried out from the point of view of both energy production and its&#xd;
marketing in the two types of facilities. The result is the amount of contribution that the state&#xd;
should make, since solar photovoltaic technology with storage entails a high cost.</subfield>
   </datafield>
   <datafield tag="653" ind2=" " ind1=" ">
      <subfield code="a">Àrees temàtiques de la UPC::Energies::Energia solar fotovoltaica</subfield>
   </datafield>
   <datafield tag="653" ind2=" " ind1=" ">
      <subfield code="a">Battery charging stations (Electric vehicles)</subfield>
   </datafield>
   <datafield tag="653" ind2=" " ind1=" ">
      <subfield code="a">Battery charging stations (Electric vehicles) -- Electric installations</subfield>
   </datafield>
   <datafield tag="653" ind2=" " ind1=" ">
      <subfield code="a">vehículo eléctrico (EV)</subfield>
   </datafield>
   <datafield tag="653" ind2=" " ind1=" ">
      <subfield code="a">punto de carga</subfield>
   </datafield>
   <datafield tag="653" ind2=" " ind1=" ">
      <subfield code="a">solar fotovoltaico</subfield>
   </datafield>
   <datafield tag="653" ind2=" " ind1=" ">
      <subfield code="a">generación</subfield>
   </datafield>
   <datafield tag="653" ind2=" " ind1=" ">
      <subfield code="a">autoconsumo</subfield>
   </datafield>
   <datafield tag="653" ind2=" " ind1=" ">
      <subfield code="a">almacenamiento.</subfield>
   </datafield>
   <datafield tag="653" ind2=" " ind1=" ">
      <subfield code="a">Estacions de càrrega (Vehicles elèctrics)</subfield>
   </datafield>
   <datafield tag="653" ind2=" " ind1=" ">
      <subfield code="a">Estacions de càrrega (Vehicles elèctrics) -- Instal·lacions elèctriques</subfield>
   </datafield>
   <datafield ind2="0" ind1="0" tag="245">
      <subfield code="a">Análisis de la infraestructura frente al incremento de los vehículos eléctricos enchufables</subfield>
   </datafield>
</record></metadata></record></GetRecord></OAI-PMH>